000 00545nam a2200181Ia 4500
005 20250508162321.0
008 008 250505s9999 xx 000 0 hin d
037 _aTextual
040 _aFEDL
_beng
_cFEDL
041 _ahin
_2eng
084 _a307, NCE
_qFEDL
245 0 _aSamajik addhyan dershika : Kaksha ek aur doo ke liye
245 0 _cN C E R T
260 _aNew Delhi, India
_bNational Council of Edcational Research and Training
_c1967
300 _axiii,214p.
942 _cTEXL
_h307, NCE
999 _c1375795
_d1375795